Concepts Of Genetics (Record no. 40832)

MARC details
000 -LEADER
fixed length control field 00415nam a2200133Ia 4500
008 - FIXED-LENGTH DATA ELEMENTS--GENERAL INFORMATION
fixed length control field 211109s9999||||xx |||||||||||||| ||und||
082 ## - DEWEY DECIMAL CLASSIFICATION NUMBER
Classification number 576.5
Item number RLK-C
100 ## - MAIN ENTRY--PERSONAL NAME
Personal name R L Kotpal And R P Khetarpal,
245 #0 - TITLE STATEMENT
Title Concepts Of Genetics
260 ## - PUBLICATION, DISTRIBUTION, ETC.
Name of publisher, distributor, etc. Pai & Co
Place of publication, distribution, etc. Kottayam
Date of publication, distribution, etc. 1900
630 ## - SUBJECT ADDED ENTRY--UNIFORM TITLE
General subdivision GENERAL STACK
650 ## - SUBJECT ADDED ENTRY--TOPICAL TERM
Topical term or geographic name entry element NATURAL SCIENCES & MATHEMATICS
942 ## - ADDED ENTRY ELEMENTS (KOHA)
Koha item type BOOK
650 ## - SUBJECT ADDED ENTRY--TOPICAL TERM
Form subdivision LIFE SCIENCES, BIOLOGY
General subdivision GENETICS & EVOLUTIONGeneralia
Holdings
Withdrawn status Lost status Damaged status Not for loan Home library Current library Date acquired Total Checkouts Full call number Barcode Shelving location Date last seen Price effective from Koha item type
        SB LIBRARY SB LIBRARY 09/11/2021   576.5 RLK-C 00082451 GENERAL STACK 09/11/2021 09/11/2021 BOOK

Powered by Koha